Wszystkie postacie z Brawl Stars - Statystyki

Ogólne statystyki
  • Ten quiz został rozwiązany 6 197 razy
    191 od ostatniego zresetowania
  • Średni wynik to 49 z 103
Statystyki odpowiedzi
Odpowiedź % Poprawnych
Shelly
92%
Colt
83%
Kruk
79%
Nita
79%
Bull
78%
Leon
77%
Rosa
77%
Kaze
76%
Sirius
75%
Spike
75%
Poco
74%
El Primo
72%
Barley
68%
Mortis
67%
Rico
67%
Brock
66%
Kit
66%
Bo
65%
Dynamike
65%
Penny
65%
Sandy
65%
Jessie
64%
Piper
64%
Amber
62%
Edgar
62%
Darryl
61%
Starr Nova
61%
Meg
60%
8-Bitowiec
59%
Tick
59%
Surge
58%
Emz
57%
Frank
57%
Mandy
57%
Pam
57%
Bibi
55%
Carl
55%
Gus
55%
Tara
54%
Cordelius
53%
Damian
52%
Jacky
52%
Kieł
51%
Chester
49%
Gale
49%
Stu
49%
Draco
48%
Bea
47%
Kenji
45%
Hank
43%
Pierce
43%
Colette
42%
Grom
42%
Gray
41%
Kiełek
41%
Gene
40%
Mico
40%
Nani
40%
Bonnie
39%
Buzz
39%
Janet
39%
Melodie
39%
Lily
38%
Maks
38%
Berry
37%
Chuck
37%
Glowy
37%
Lou
37%
Otis
37%
Juju
36%
Sam
36%
Trunk
36%
Willow
36%
Belle
35%
Byron
35%
R-T
35%
Ash
34%
Gigi
34%
Lola
34%
Maisie
34%
Moe
34%
Squeak
33%
Ollie
32%
Pan P
32%
Ruffs
32%
Alli
30%
Angelo
30%
Eve
30%
Griff
30%
Mina
30%
Buster
29%
Doug
29%
Shade
29%
Charlie
28%
Clancy
28%
Larry i Lawrie
28%
Najia
28%
Finx
27%
Lumi
27%
Ziggy
27%
Pearl
26%
Jae-Yong
25%
Meeple
23%
Nie znaleziono quizów pasujących do podanych kryteriów
Rozkład punktacji
Procent ludzi z każdym wynikiem
Percentyl według liczby udzielonych odpowiedzi
Twoja historia wyników
Nie rozwiązałeś tego quizu od ostatniego zresetowania